| Tag |
First Indicator |
Second Indicator |
Subfields |
| LEADER |
00000cam a2200000 a 4500 |
| 001 |
in00001701034 |
| 005 |
20211202195200.0 |
| 007 |
he bmb024bbca |
| 008 |
021114s2002 dcub bb f100 0 eng c |
| 035 |
|
|
|a (OCoLC)ocm51301535
|
| 037 |
|
|
|a 008-020-01514-8
|b GPO
|f paper copy
|c $19.00
|
| 040 |
|
|
|a MNM
|c MNM
|d GPO
|d MvI
|d UtOrBLW
|
| 042 |
|
|
|a pcc
|
| 043 |
|
|
|a aw-----
|a n-us---
|
| 049 |
|
|
|a UMIC
|a WWW
|
| 074 |
|
|
|a 0378-H-01 (MF)
|
| 074 |
|
|
|a 0378-H-01 (online)
|
| 086 |
0 |
|
|a D 5.402:M 58
|
| 090 |
|
|
|a DS63.1
|b .M4882 2002
|
| 245 |
0 |
4 |
|a The Middle East in 2015 :
|b the impact of regional trends on U.S. strategic planning /
|c edited by Judith S. Yaphe.
|
| 264 |
|
1 |
|a Washington, D.C. :
|b National Defense University Press :
|c 2002.
|
| 264 |
|
2 |
|a Washington, D.C. :
|b For sale by the U.S. G.P.O., Supt. of Docs.,
|
| 300 |
|
|
|a xi, 237 pages :
|b color maps ;
|c 23 cm.
|
| 336 |
|
|
|a text
|b txt
|2 rdacontent
|
| 337 |
|
|
|a microform
|b h
|2 rdamedia
|
| 338 |
|
|
|a microfiche
|b he
|2 rdacarrier
|
| 500 |
|
|
|a Text offers a sampling of the case studies presented during the conference series.
|
| 500 |
|
|
|a "First printing, July 2002"--Title page verso.
|
| 500 |
|
|
|a Shipping list number: 2003-0007-M.
|
| 500 |
|
|
|a Shipping List Date: 11/04/2002
|
| 504 |
|
|
|a Includes bibliographical references.
|
| 505 |
0 |
|
|a The Middle East in 2015 : an overview Judith S. Yaphe -- Algeria : Can nation order be restored? Hugh Roberts -- Morocco : Will tradition protect the monarchy? Azzedine Layachi -- Egypt : Could it lead the Arab World? Mamoun Fandy -- Israel : Reconciling Internal Disparities? Kenneth W. Stein -- Palestine : Moving toward a democratic state? Muhammad Muslih -- Iran : Can the Islamic Republic survive? Mark J. Gasiorowski -- Iraqi : Another Saddam on the horizon? Adeed Dawisha and Judith S. Yaphe -- The Arab Gulf : Will autocracy define the social contract in 2015? F. Gregory Gause III and Jill Crystal -- Arms control : In the region's future? Steven L. Spiegel -- Conclusion : Three parts of the whole Judith S. Yaphe -- Israel-Turkey : Strategic relationship or temporary alliance? Alan Makovsky.
|
| 530 |
|
|
|a Also available via Internet from the NDU Web site. Address as of 2-19-03: http://www.ndu.edu/inss/books/books%20-%202002/Middle%20East%20in%202015%20-%20July%202002/ME2015.pdf; current access is available via PURL.
|
| 533 |
|
|
|a Microfiche.
|b [Washington, D.C.] :
|c Supt. of Docs., U.S. G.P.O.,
|d 2002.
|e 3 microfiches : negative.
|
| 500 |
|
|
|a Microform.
|
| 651 |
|
0 |
|a Middle East
|x Politics and government
|y 21st century
|v Congresses.
|
| 651 |
|
0 |
|a Middle East
|x Relations
|z United States
|v Congresses.
|
| 651 |
|
0 |
|a United States
|x Relations
|z Middle East
|v Congresses.
|
| 776 |
0 |
|
|c Original
|w (OCoLC) 50205613
|
| 700 |
1 |
|
|a Yaphe, Judith Share,
|d 1944-
|
| 710 |
2 |
|
|a National Defense University Press.
|
| 856 |
4 |
1 |
|u https://purl.fdlp.gov/GPO/LPS26907
|z Adobe Acrobat Reader required
|t 0
|
| 999 |
|
|
|a MARS
|
| 999 |
f |
f |
|s f6300ce2-51f7-3079-8e8b-6e12674358a7
|i b63906aa-9b00-34f4-9a56-1cde3ccab1a4
|t 0
|
| 952 |
f |
f |
|p normal
|a Texas A&M University
|b College Station
|c Sterling C. Evans Library
|d Evans: US Documents Microfiche (3rd floor)
|t 0
|e D 5.402:M 58
|h Superintendent of Documents classification
|i microform -- microfiche
|m A14829711227
|
| 952 |
f |
f |
|a Texas A&M University
|b College Station
|c Electronic Resources
|d Available Online
|t 0
|e D 5.402:M 58
|h Superintendent of Documents classification
|
| 998 |
f |
f |
|a D 5.402:M 58
|t 0
|l Evans: US Documents Microfiche (3rd floor)
|
| 998 |
f |
f |
|a D 5.402:M 58
|t 0
|l Available Online
|